[Event "Fide Mercenarios 54th"]
[Site "Mexico City"]
[Date "2001.??.??"]
[Round "3"]
[White "Diaz Lombardo, Isidro"]
[Black "Gongora Montes, Benjamin"]
[Result "0-1"]
[WhiteElo "2065"]
[BlackElo "2280"]
[PlyCount "78"]
[EventDate "2001.02.??"]
[EventType "tourn"]
[EventRounds "9"]
[EventCountry "MEX"]
[SourceTitle "EXT 2003"]
[Source "ChessBase"]
[SourceDate "2002.11.25"]
[SourceVersion "1"]
[SourceVersionDate "2002.11.25"]
[SourceQuality "1"]

1. d4 d5 2. e4 e6 3. Nc3 Bb4 4. e5 Ne7 5. a3 Bxc3+ 6. bxc3 c5 7. Qg4 0-0 8. Bd3 Nbc6 9. Ne2 c4 10. Bg5 Kh8 11. Bxh7 Kxh7 12. h4 Rh8 13. Rh3 Qc7 14. Nf4 Nf5 15. Nh5 Nxe5 16. Qf4 Nd3+ 17. cxd3 Qxf4 18. Bxf4 cxd3 19. g4 Ne7 20. Kd2 e5 21. Bxe5 Bxg4 22. Rg1 Bxh3 23. Rxg7+ Kh6 24. Rxf7 Rh7 25. Ng7 Nc6 26. Rf6+ Kxg7 27. Rxc6+ Kf8 28. Rd6 Rxh4 29. Rxd5 Bf1 30. Rd7 Re4 31. Rxb7 Re2+ 32. Kd1 Ra2 33. Bf4 Rxf2 34. Be3 Rf7 35. Rb5 Re8 36. Kd2 Rf3 37. Bh6+ Kg8 38. Rb7 Re2+ 39. Kd1 Bg2 0-1

[Event "Fide Mercenarios 54th"]
[Site "Mexico City"]
[Date "2001.??.??"]
[Round "5"]
[White "Diaz Lombardo, Isidro"]
[Black "Perez Cortes, Emiliano"]
[Result "1-0"]
[WhiteElo "2065"]
[BlackElo "2000"]
[PlyCount "105"]
[EventDate "2001.02.??"]
[EventType "tourn"]
[EventRounds "9"]
[EventCountry "MEX"]
[SourceTitle "EXT 2003"]
[Source "ChessBase"]
[SourceDate "2002.11.25"]
[SourceVersion "1"]
[SourceVersionDate "2002.11.25"]
[SourceQuality "1"]

1. e4 c5 2. Nf3 d6 3. d4 cxd4 4. Nxd4 Nf6 5. Nc3 a6 6. Bc4 e6 7. Bb3 Nbd7 8. f4 Nc5 9. Qf3 b5 10. f5 Qc7 11. Bg5 Be7 12. 0-0-0 0-0 13. Kb1 Bb7 14. Bxf6 Bxf6 15. fxe6 Nxb3 16. axb3 Bxd4 17. Rxd4 fxe6 18. Qd3 Rad8 19. Rd1 Rf7 20. Rxd6 Rxd6 21. Qxd6 Qxd6 22. Rxd6 Re7 23. Kc1 Kf7 24. Kd2 Kf6 25. Ke3 g5 26. Kd4 Rc7 27. Nd5+ Bxd5 28. exd5 Rxc2 29. Rxe6+ Kf7 30. Rxa6 h5 31. h4 gxh4 32. Rh6 Rxg2 33. Rxh5 Rxb2 34. Rxh4 Rxb3 35. Kc5 b4 36. Rh7+ Ke8 37. Rb7 Rb1 38. Kd6 b3 39. Rb8+ Kf7 40. Kd7 b2 41. d6 Kf6 42. Rb3 Kf7 43. Rf3+ Kg7 44. Rf2 Kg6 45. Rd2 Kf7 46. Kd8 Kf8 47. d7 Kf7 48. Rc2 Ke6 49. Ke8 Re1 50. Rxb2 Kd6+ 51. Kd8 Rd1 52. Rc2 Ke6 53. Kc8 1-0

[Event "Fide Mercenarios 51st"]
[Site "Mexico City"]
[Date "2000.10.10"]
[Round "5"]
[White "Sorensen, Jorn"]
[Black "Diaz Lombardo, Isidro"]
[Result "1-0"]
[WhiteElo "2107"]
[BlackElo "2076"]
[PlyCount "24"]
[EventDate "2000.12.??"]
[EventType "tourn"]
[EventRounds "13"]
[EventCountry "MEX"]
[SourceTitle "EXT 2002"]
[Source "ChessBase"]
[SourceDate "2001.11.25"]
[SourceVersion "1"]
[SourceVersionDate "2001.11.25"]
[SourceQuality "1"]

1. f4 d5 2. Nf3 Nf6 3. e3 Bf5 4. b3 e6 5. Bb2 Bc5 6. Be2 0-0 7. 0-0 Nc6 8. d4 Bb6 9. Ne5 Nb4 10. Na3 a5 11. c3 Nc6 12. Re1 g5 1-0

[Event "Fide Mercenarios 9th"]
[Site "Mexico City"]
[Date "1995.??.??"]
[Round "7"]
[White "Araiza Munoz, Victor Fernando"]
[Black "Diaz Lombardo, Isidro"]
[Result "0-1"]
[WhiteElo "2015"]
[BlackElo "2000"]
[PlyCount "59"]
[EventDate "1995.??.??"]
[EventType "tourn"]
[EventRounds "11"]
[EventCountry "MEX"]
[SourceTitle "EXT 2000"]
[Source "ChessBase"]
[SourceDate "1999.11.16"]
[SourceVersion "1"]
[SourceVersionDate "1999.11.16"]
[SourceQuality "1"]

1. e4 e5 2. d4 exd4 3. Qxd4 Nc6 4. Qe3 g6 5. Bd2 Bg7 6. c3 Nf6 7. h3 0-0 8. Bd3 d5 9. Ne2 Re8 10. f3 dxe4 11. fxe4 Nd5 12. Qf3 Ne5 13. Qg3 Nb4 14. cxb4 Nxd3+ 15. Kf1 Rxe4 16. Nbc3 Re6 17. Bg5 Qd6 18. Rd1 Qxg3 19. Nxg3 Bxc3 20. bxc3 Bd7 21. Kg1 Bb5 22. a4 Bc4 23. h4 f6 24. Bh6 Rae8 25. Kh2 Ne5 26. Nf5 Bd3 27. Rxd3 Nxd3 28. Rd1 Ne5 29. Bg7 Ng4+ 30. Kg3 0-1

[Event "Fide Mercenarios 3th"]
[Site "Mexico City"]
[Date "1995.??.??"]
[Round "10"]
[White "Diaz Lombardo, Isidro"]
[Black "Busto, Busto Hector"]
[Result "1/2-1/2"]
[WhiteElo "2000"]
[BlackElo "2105"]
[PlyCount "67"]
[EventDate "1995.??.??"]
[EventType "tourn"]
[EventRounds "11"]
[EventCountry "MEX"]
[SourceTitle "EXT 2000"]
[Source "ChessBase"]
[SourceDate "1999.11.16"]
[SourceVersion "1"]
[SourceVersionDate "1999.11.16"]
[SourceQuality "1"]

1. d4 Nf6 2. c4 e6 3. Nc3 Bb4 4. e3 b6 5. Bd3 Bb7 6. f3 c5 7. Bd2 0-0 8. Nge2 d6 9. 0-0 Nc6 10. a3 Ba5 11. Qe1 e5 12. Qh4 Ne7 13. g4 Ng6 14. Qg3 Re8 15. d5 Nf8 16. Rab1 Bxc3 17. Nxc3 Bc8 18. g5 Nh5 19. Qh4 g6 20. Ne4 h6 21. Nf6+ Nxf6 22. gxf6 Nh7 23. Bc3 Qxf6 24. Qxh6 Qg5+ 25. Qxg5 Nxg5 26. h4 Nxf3+ 27. Rxf3 e4 28. Rf6 exd3 29. Rbf1 Bf5 30. Rxd6 Rxe3 31. Re1 Rxe1+ 32. Bxe1 Kf8 33. b4 Rc8 34. Rc6 1/2-1/2

[Event "Fide Mercenarios 1st"]
[Site "Mexico City"]
[Date "1994.??.??"]
[Round "1"]
[White "Busto, Busto Hector"]
[Black "Diaz Lombardo, Isidro"]
[Result "1-0"]
[WhiteElo "2000"]
[BlackElo "2000"]
[PlyCount "45"]
[EventDate "1994.??.??"]
[EventType "tourn"]
[EventRounds "11"]
[EventCountry "MEX"]
[SourceTitle "EXT 2000"]
[Source "ChessBase"]
[SourceDate "1999.11.16"]
[SourceVersion "1"]
[SourceVersionDate "1999.11.16"]
[SourceQuality "1"]

1. e4 e5 2. Nf3 Nc6 3. Bb5 a6 4. Bxc6 dxc6 5. 0-0 Bd6 6. d4 f6 7. dxe5 fxe5 8. Nxe5 Be6 9. Nd3 Qh4 10. f4 0-0-0 11. Qe1 Qh5 12. Nd2 Nh6 13. Nf3 Bc4 14. e5 Be7 15. Qe3 Ng4 16. Qa7 Bxd3 17. cxd3 Rxd3 18. h3 Rhd8 19. hxg4 Qxg4 20. e6 Qxe6 21. Ne5 Bc5+ 22. Qxc5 b6 23. Qxc6 1-0